000
00398 a2200145 4500
245
_a
Problèmes pratiques d'endocrinologie : troisième série : coeur et maladies endocriniennes : thérapeutiques antihormonales
100
_a
Hazard, J.
260
_c
1975
300
_a
188 p.
035
_a
0585
035
_a
0586
999
_c
16723
_d
16723